[Event "Challenge"]
[Site "http://www.queenalice.com/game.php?id=550738"]
[Date "2009.3.5"]
[Round "-"]
[White "samuelrmgs"]
[Black "llina"]
[Result "0-1"]
[WhiteElo "1264"]
[BlackElo "1718"]

1. d4 d5 2. e3 e6 3. Bd3 c5 4. Bb5+ Bd7 5. Nc3 a6 6. Ba4 b5 7. Bb3 c4 8. Bxc4
dxc4 9. Qf3 Bc6 10. d5 exd5 11. e4 d4 12. Nd1 Nf6 13. Bg5 h6 14. Bxf6 gxf6 15.
c3 d3 16. Kd2 Qe7 17. Ne3 Bxe4 18. Qf4 Rg8 19. f3 Bc6 20. Nh3 h5 21. g4 hxg4 22.
fxg4 Rh8 23. g5 Rxh3 24. Qg4 Qxe3+ 25. Kd1 Bxh1 26. gxf6 Rxh2 0-1

[Event "A Reconquista"]
[Site "http://www.queenalice.com/game.php?id=551494"]
[Date "2009.3.6"]
[Round "-"]
[White "Pimenta"]
[Black "llina"]
[Result "1-0"]
[WhiteElo "1605"]
[BlackElo "1735"]

1. b3 d5 2. e4 dxe4 3. Bc4 Nf6 4. Bb2 e6 5. Qe2 Nc6 6. Nc3 Nd4 7. Qd1 Bd7 8.
Nge2 e5 9. O-O b5 10. Bd5 Bc6 11. Bxc6+ Nxc6 12. d3 b4 13. Nxe4 Qe7 14. N2g3
O-O-O 15. Nf5 Qe6 16. Ne3 Nxe4 17. Nc4 Bc5 18. Qf3 Ng5 19. Qg3 f6 20. Rfe1 e4
21. dxe4 Nxe4 22. Qf3 Bxf2+ 23. Kh1 Bxe1 24. Rxe1 Qd5 25. Ne3 Qd2 26. Qf5+ Rd7
27. Qf1 Nf2+ 28. Kg1 Ne4 29. Bc1 Qc3 30. Qa6+ Kd8 31. Rf1 Nd2 32. Bxd2 Qxd2 33.
Qxc6 Qxe3+ 34. Kh1 Qf4 35. Re1 Qf2 36. Qa8# 1-0

[Event "1º Torneio Novo"]
[Site "http://www.queenalice.com/game.php?id=552997"]
[Date "2009.3.9"]
[Round "1"]
[White "llina"]
[Black "Drica"]
[Result "1-0"]
[WhiteElo "1722"]
[BlackElo "1650"]

1. d4 e6 2. e3 Qf6 3. Nf3 Nc6 4. Bd3 Nb4 5. a3 Nxd3+ 6. Qxd3 Nh6 7. Nc3 b6 8.
Nb5 Qd8 9. d5 exd5 10. Qxd5 Rb8 11. Qe5+ Qe7 12. Qxc7 Rb7 13. Qxc8+ Qd8 14. Qxb7
Be7 15. Nxa7 O-O 16. e4 Ng4 17. h3 Ne5 18. Nxe5 1-0

[Event "Ilina Mortales!"]
[Site "http://www.queenalice.com/game.php?id=561773"]
[Date "2009.3.26"]
[Round "-"]
[White "llina"]
[Black "Pimenta"]
[Result "0-1"]
[WhiteElo "1729"]
[BlackElo "1733"]

1. d4 Nf6 2. e3 g6 3. Nc3 Bg7 4. Nf3 d6 5. Bd3 Nbd7 6. e4 O-O 7. h4 e5 8. dxe5
Ng4 9. Bg5 f6 10. exf6 Bxf6 11. Bf4 Bxc3+ 12. bxc3 Rxf4 13. Qd2 Qf6 14. g3 Rxf3
15. Bc4+ Kg7 16. O-O Nc5 17. Be2 Nxe4 18. Qd4 Qxd4 19. cxd4 Rc3 20. Rac1 Nd2 21.
Rfe1 Bf5 22. f3 Ne3 23. g4 Bd7 24. Kf2 Rf8 25. Kg3 Nxg4 26. Bd3 Nf6 27. Rcd1 Nc4
28. Bxc4 Rxc4 29. d5 Rc3 30. Rd3 Rxd3 31. cxd3 Nxd5 0-1

[Event "1º Torneio Novo"]
[Site "http://www.queenalice.com/game.php?id=566498"]
[Date "2009.4.4"]
[Round "2"]
[White "samuelrmgs"]
[Black "llina"]
[Result "0-1"]
[WhiteElo "1341"]
[BlackElo "1727"]

1. e4 e5 2. Qh5 Nf6 3. Qxe5+ Be7 4. Nf3 d6 5. Qd4 Nc6 6. Qe3 d5 7. Bb5 dxe4 8.
Ng5 a6 9. Bxc6+ bxc6 10. Nc3 Nd5 11. Nxd5 cxd5 12. Qd4 Bf6 13. Qa4+ Bd7 14. Qb4
Bxg5 15. O-O Qf6 16. Qc3 Qxc3 17. dxc3 f6 18. h3 c5 19. b4 cxb4 20. cxb4 Rc8 21.
c3 Rxc3 22. Bb2 Rc2 23. Ba3 e3 24. fxe3 Bxe3+ 25. Kh2 Bb5 26. Rh1 d4 27. Rae1
Bc6 28. Rhf1 Rxg2+ 29. Kh1 Rg3+ 30. Kh2 Rg2+ 31. Kh1 Rxa2+ 32. Rf3 Bxf3# 0-1

[Event "São Paulo Time"]
[Site "http://www.queenalice.com/game.php?id=608132"]
[Date "2009.6.24"]
[Round "2"]
[White "llina"]
[Black "osnirxadrez"]
[Result "0-1"]
[WhiteElo "1639"]
[BlackElo "1768"]

1. d4 Nf6 2. e3 g6 3. Nf3 Bg7 4. Bd3 Nc6 5. Nc3 d5 6. e4 e6 7. e5 Ng4 8. h3 Nh6
9. Bg5 Qd7 10. O-O O-O 11. Qd2 Nf5 12. Bxf5 exf5 13. Bf6 Bxf6 0-1

[Event "1º Torneio Novo"]
[Site "http://www.queenalice.com/game.php?id=609498"]
[Date "2009.6.27"]
[Round "3"]
[White "llina"]
[Black "rocrico"]
[Result "0-1"]
[WhiteElo "1677"]
[BlackElo "1661"]

1. d4 e6 2. e3 Bb4+ 3. c3 Ba5 4. b4 Bb6 5. Nf3 Nf6 6. Nbd2 Nc6 7. Nc4 d5 8. Nxb6
axb6 9. b5 Na5 10. Bd3 Ng4 11. h3 Nf6 12. Ba3 c6 13. Ne5 g6 14. Qa4 c5 15. dxc5
Nd7 16. Nxd7 Bxd7 17. Bb4 bxc5 18. Bxc5 b6 19. Bd4 f6 20. g4 e5 21. e4 exd4 22.
cxd4 Nc6 23. Qb3 Nxd4 24. Qxd5 Nf3+ 25. Kd1 Ne5 26. Rc1 Ra3 27. Be2 Be6 28. Qd2
O-O 29. Qxd8 Rxd8+ 30. Ke1 Rxa2 31. Rd1 Rc8 32. f4 Rcc2 33. Rh2 Nf3+ 34. Bxf3
Rxh2 35. e5 Rxh3 36. Rd2 Rxd2 37. Kxd2 Rxf3 38. f5 Bc4 39. Ke1 Re3+ 40. Kf2 Rxe5
41. Kg3 g5 42. Kh3 Re3+ 43. Kh2 h5 44. gxh5 Re4 45. h6 Rh4+ 46. Kg3 Bxb5 47. Kg2
Bc6+ 48. Kg1 Rf4 49. Kh2 Rf2+ 50. Kh3 Rf3+ 51. Kg4 Be4 0-1

[Event "Challenge"]
[Site "http://www.queenalice.com/game.php?id=626930"]
[Date "2009.7.29"]
[Round "-"]
[White "aureliano"]
[Black "llina"]
[Result "1-0"]
[WhiteElo "1527"]
[BlackElo "1660"]

1. e4 e5 2. d3 d6 3. Nd2 Nf6 4. Ndf3 d5 5. exd5 Qxd5 6. c4 Qc5 7. a3 Ng4 8. Be3
Nxe3 9. fxe3 Qxe3+ 10. Be2 Bc5 11. b4 Qf2+ 12. Kd2 Qxg2 13. Nh3 e4 14. Nf4 e3+
15. Kc3 Qf2 16. bxc5 g5 17. Nh5 g4 18. Ne5 Qh4 19. Ng3 Qf6 20. d4 b6 21. Ne4 Qf5
22. Ng3 Qe6 23. Nh5 bxc5 24. Ng7+ Ke7 25. Nxe6 Bxe6 26. Bf3 gxf3 27. Qxf3 c6 28.
Rab1 Rg8 29. Rb7+ Bd7 30. Qxf7+ Kd6 31. Qxg8 a5 32. Qxh7 1-0

[Event "Challenge"]
[Site "http://www.queenalice.com/game.php?id=626931"]
[Date "2009.7.29"]
[Round "-"]
[White "llina"]
[Black "aureliano"]
[Result "0-1"]
[WhiteElo "1701"]
[BlackElo "1504"]

1. d4 d5 2. e3 Nf6 3. Bd3 e6 4. Nc3 Bd6 5. Nf3 O-O 6. Ne5 Nc6 7. Nxc6 bxc6 8. g4
e5 9. dxe5 Bxe5 10. g5 Nd7 11. e4 g6 12. exd5 cxd5 13. Nxd5 Bb7 14. f4 Bd4 15.
Rf1 Bxd5 16. c3 Bb6 17. c4 Bg2 18. Rf2 Re8+ 19. Re2 c6 20. Rxe8+ Qxe8+ 21. Be2
Qe4 22. Qxd7 Rd8 23. Qb7 Rd1+ 24. Kxd1 Qd4+ 25. Ke1 Ba5+ 26. Bd2 Bxd2+ 27. Kd1
Bb4+ 28. Kc1 Qd2+ 29. Kb1 Be4+ 30. Bd3 Bxd3# 0-1

[Event "AUTO-INT-2046"]
[Site "http://www.queenalice.com/game.php?id=943500"]
[Date "2011.5.28"]
[Round "1"]
[White "rodriw02"]
[Black "llina"]
[Result "0-1"]
[WhiteElo "1566"]
[BlackElo "1630"]

1. e4 e5 2. d3 Nf6 3. Bg5 h6 4. Bxf6 Qxf6 5. Nf3 d6 6. c4 Nc6 7. a3 Bg4 8. h3
Bxf3 9. gxf3 Nd4 10. Qa4+ c6 11. Nc3 Qxf3 12. Rh2 Be7 13. Nd5 Nc2+ 14. Qxc2 cxd5
15. cxd5 O-O 16. Be2 Qf4 17. Rh1 Bh4 18. Bg4 Rac8 19. Qe2 Rc1+ 20. Rxc1 Qxc1+
21. Qd1 Qxb2 22. Rf1 Qxa3 23. Ke2 g6 24. Qd2 h5 25. Bd7 Rd8 26. Bb5 Rc8 27. f4
a6 28. Bc4 b5 29. Ba2 Rc3 30. f5 Bg5 31. Qxg5 Qxa2+ 32. Ke3 Qc2 33. fxg6 Qc1+
34. Ke2 Qxg5 35. gxf7+ Kf8 36. Rf5 Rc2+ 37. Kf3 Qg2+ 38. Ke3 Qe2# 0-1

[Event "AUTO-INT-2046"]
[Site "http://www.queenalice.com/game.php?id=943501"]
[Date "2011.5.28"]
[Round "1"]
[White "llina"]
[Black "rodriw02"]
[Result "0-1"]
[WhiteElo "1643"]
[BlackElo "1553"]

1. d4 d6 2. e3 c6 3. Nc3 b5 4. a3 e6 5. Nf3 f5 6. Bd3 Nh6 7. e4 Qe7 8. e5 d5 9.
Ng5 Ng4 10. f3 h6 11. fxg4 hxg5 12. gxf5 exf5 13. Qe2 g4 14. g3 g6 15. Be3 Be6
16. O-O-O a5 17. a4 b4 18. Na2 Nd7 19. h4 Nb6 20. Bg5 Qd7 21. Ba6 Nxa4 22. b3
Nc3 23. Nxc3 bxc3 24. Bf6 Rh7 25. Bd3 Bh6+ 26. Bg5 Bxg5+ 27. hxg5 Rxh1 28. Rxh1
O-O-O 29. Qe1 Qa7 30. Qxc3 a4 31. Qxc6+ Kb8 32. Rh8 Rxh8 33. Qxe6 Rh1+ 34. Kd2
Qa5+ 35. c3 a3 36. Qd6+ Qc7 37. Qxa3 Rh2+ 38. Be2 Rg2 39. Qf8+ Ka7 40. e6 Rxg3
41. e7 Qf4+ 42. Kc2 Qe4+ 43. Kd1 Qb1+ 44. Kd2 Qb2+ 45. Ke1 Qxc3+ 46. Kd1 Rg1+
47. Bf1 Rxf1+ 48. Ke2 Qe1+ 49. Kd3 Rf3+ 50. Kc2 Qe2+ 51. Kc1 Rf1# 0-1

[Event "AUTO-INT-2046"]
[Site "http://www.queenalice.com/game.php?id=943515"]
[Date "2011.5.28"]
[Round "1"]
[White "llina"]
[Black "flucris2701"]
[Result "0-1"]
[WhiteElo "1579"]
[BlackElo "1278"]

1. d4 d5 2. e3 Nf6 3. Nc3 Nc6 4. Bd3 Bg4 5. f3 Be6 6. f4 h6 7. f5 Bd7 8. Nf3 e6
9. O-O Bd6 10. fxe6 Bxe6 0-1

[Event "AUTO-INT-2046"]
[Site "http://www.queenalice.com/game.php?id=943522"]
[Date "2011.5.28"]
[Round "1"]
[White "Janivgm"]
[Black "llina"]
[Result "0-1"]
[WhiteElo "1670"]
[BlackElo "1628"]

1. e4 e5 2. Nf3 d6 3. Nc3 Nf6 4. Bc4 Nc6 5. Ng5 Bg4 6. f3 Bh5 7. g4 h6 8. Nh3
Bg6 9. d3 Nd4 10. Be3 Qd7 11. Bxd4 exd4 12. Nd5 h5 13. Nxf6+ gxf6 14. Nf4 Bh6
15. Nd5 Bg5 16. h4 c6 17. a4 cxd5 18. Bb5 Qxb5 19. axb5 hxg4 20. fxg4 O-O-O 21.
h5 Rde8 22. O-O Bh7 23. Rxa7 Kc7 24. exd5 f5 25. gxf5 Rhg8 26. Kh1 Be3 27. Qf3
Rg5 28. Raa1 Bxf5 29. Rad1 Rh8 30. c4 Bg4 31. Qxf7+ Kb6 32. Rde1 Rhxh5+ 33. Qxh5
Rxh5+ 34. Kg2 Bh3+ 35. Kf3 Bxf1 36. Rxf1 Rh2 37. Rb1 Rd2 38. b4 Rxd3 39. Ke4 Rc3
40. c5+ Kc7 41. b6+ Kd7 42. Rh1 dxc5 43. bxc5 Rxc5 44. Rh7+ Kd6 45. Rxb7 Rxd5
46. Rf7 Re5+ 47. Kd3 Kc6 48. b7 Rb5 49. Ke2 Rxb7 50. Rxb7 Kxb7 51. Kd3 Kc6 52.
Kc4 Kd6 53. Kd3 Ke5 54. Ke2 Ke4 55. Kd1 Bg5 56. Ke2 d3+ 57. Ke1 Ke3 58. Kd1 d2
0-1

[Event "AUTO-INT-2046"]
[Site "http://www.queenalice.com/game.php?id=943523"]
[Date "2011.5.28"]
[Round "1"]
[White "llina"]
[Black "Janivgm"]
[Result "0-1"]
[WhiteElo "1646"]
[BlackElo "1652"]

1. e4 e5 2. d3 Nc6 3. Nf3 Bc5 4. Nc3 d6 5. Nd5 Nf6 6. Bg5 O-O 7. c3 Be6 8. d4
exd4 9. cxd4 Bxd5 10. exd5 Bb4+ 11. Bd2 Bxd2+ 12. Qxd2 Nxd5 13. Bd3 Re8+ 14. Kf1
Qf6 15. Rc1 Rac8 16. h4 Nf4 17. Ng5 Nxd3 18. Qxd3 g6 19. g3 Nxd4 20. Ne4 Qf3 21.
Qxf3 Nxf3 22. Nf6+ Kg7 23. Nxe8+ Rxe8 24. Rxc7 Rb8 25. Rd7 Nd2+ 26. Ke2 Nc4 27.
Rc1 Nxb2 28. Rxd6 b5 29. Rc7 a5 30. g4 a4 31. h5 b4 32. hxg6 hxg6 33. f4 a3 34.
Ra6 Rb5 35. Kf3 Nd3 36. g5 Nc5 37. Ra8 Ne6 38. Rcc8 Nd4+ 39. Kg4 f5+ 40. Kh3 Kf7
41. Ra6 Rb7 42. Rh8 Kg7 43. Raa8 Ne2 44. Rhg8+ Kf7 45. Rh8 Nxf4+ 46. Kg3 Ne6 47.
Kh4 b3 48. Rxa3 Rb4+ 49. Kg3 b2 50. Ra7+ Nc7 51. Rxc7+ Ke6 52. Re8+ Kd6 53. Rcc8
b1=Q 54. Red8+ Ke7 55. Re8+ Kd6 56. Red8+ Ke5 57. Rc5+ Ke4 58. Re8+ Kd3 59. Rd8+
Rd4 60. Rxd4+ Kxd4 61. Rc6 Qe1+ 62. Kf3 Qh1+ 0-1

[Event "AUTO-INT-2066"]
[Site "http://www.queenalice.com/game.php?id=952578"]
[Date "2011.6.22"]
[Round "1"]
[White "Alicepolgar"]
[Black "llina"]
[Result "1-0"]
[WhiteElo "1757"]
[BlackElo "1604"]

1. d4 d5 2. c4 dxc4 3. Nc3 e6 4. e4 Nc6 5. Nf3 Bb4 6. Bxc4 Nf6 7. Bg5 h6 8. Bxf6
Qxf6 9. e5 Qg6 10. O-O Bxc3 11. bxc3 O-O 12. Qd3 Ne7 13. Qxg6 Nxg6 14. g3 b6 15.
a4 1-0

[Event "AUTO-INT-2066"]
[Site "http://www.queenalice.com/game.php?id=952579"]
[Date "2011.6.22"]
[Round "1"]
[White "llina"]
[Black "Alicepolgar"]
[Result "0-1"]
[WhiteElo "1604"]
[BlackElo "1784"]

1. d4 d5 2. Nc3 Nf6 3. e3 Bf5 4. Bd3 Qd7 5. Nf3 Nc6 6. Bb5 g6 7. Ne5 Qd6 8. Nxc6
bxc6 9. Bd3 Bxd3 10. cxd3 Bg7 11. O-O O-O 12. b3 c5 13. Ba3 Nd7 14. Na4 Qf6 0-1

[Event "AUTO-INT-2066"]
[Site "http://www.queenalice.com/game.php?id=952594"]
[Date "2011.6.22"]
[Round "1"]
[White "llina"]
[Black "retkat"]
[Result "0-1"]
[WhiteElo "1604"]
[BlackElo "1989"]

1. d4 d5 2. e3 Nf6 3. Nc3 c5 4. dxc5 Nc6 5. Nf3 e6 6. Bb5 Bxc5 7. Qd3 O-O 8. e4
dxe4 9. Nxe4 Qxd3 10. cxd3 Be7 11. Bxc6 bxc6 12. Ne5 Bb7 13. O-O Nxe4 14. dxe4
Rfd8 15. Bf4 Bb4 16. Rac1 Rac8 17. Rfd1 Bd6 18. Nxf7 Bxf4 19. Nxd8 Bxc1 20. Nxb7
Bxb2 21. Nc5 e5 22. Rd7 g6 23. Kf1 Bd4 24. Ne6 Bb6 25. Rg7+ Kh8 26. Rb7 c5 27.
Ng5 c4 28. Nf7+ Kg8 29. Nxe5 c3 0-1

[Event "AUTO-INT-2066"]
[Site "http://www.queenalice.com/game.php?id=952595"]
[Date "2011.6.22"]
[Round "1"]
[White "retkat"]
[Black "llina"]
[Result "1-0"]
[WhiteElo "1847"]
[BlackElo "1604"]

1. e4 e5 2. Nf3 d6 3. Bc4 Nf6 4. Nc3 a6 5. d4 exd4 6. Nxd4 b5 7. Bd3 c5 8. Nf3
d5 9. exd5 Nxd5 10. Nxd5 Qxd5 11. Bxb5+ axb5 12. Qxd5 Ra6 13. Be3 Nd7 14. Ne5
Rd6 15. Qxf7+ Kd8 16. Bxc5 Nxe5 17. Qf4 Ng6 18. Qf3 Re6+ 19. Be3 Kc7 20. O-O Rf6
21. Qd5 Rf5 22. Qa8 Bb7 23. Qa5+ Kc8 24. Rad1 Be7 25. Qc3+ Kb8 26. Rd7 Rc8 27.
Ba7+ Ka8 28. Qa5 Bb4 29. Qb6 Bxg2 30. Bb8 Rc7 31. Rxc7 Bc5 32. Ra7# 1-0